Mata - Szafir - Statystyki

Ogólne statystyki
  • Ten quiz został rozwiązany 133 razy
  • Średni wynik to 305 z 440
Statystyki odpowiedzi
Odpowiedź % Poprawnych
O
93%
Ja
92%
W
91%
A
90%
Szafir
90%
Się
89%
Chce
88%
Chcę
88%
Twoje
88%
Bo
87%
Na
87%
Pić
87%
Z
87%
Jak
86%
Wygląda
86%
I
85%
Mi
85%
Oczy
85%
Hulajnogą
84%
Jadę
84%
To
83%
Je
82%
Czy
81%
Gdzieś
81%
Tobą
81%
Jedziemy
80%
Napić
80%
Bemowo
79%
Chyba
79%
Muszę
79%
Zaszyć
79%
Zgubić
79%
Wodą
77%
OG
76%
Ich
75%
Po
75%
75%
Ma
74%
Ty
73%
Albo
71%
Bombay
70%
Ci
65%
Sapphire
65%
Masz
64%
Cię
63%
Do
63%
Fred
62%
Kudłaty
61%
Mały
61%
Mój
60%
Tarapaty
60%
Daphne
59%
Kiedy
59%
Maluszku
59%
Napisz
59%
Wiem
59%
Wpadłaś
59%
Kush
58%
Mam
58%
Scooby
58%
Tak
58%
Brązowe
57%
Już
57%
Łóżku
57%
Nie
57%
Zadzwoń
57%
Jesteś
54%
Sushi
54%
Ciebie
53%
Pomarańczowe
53%
Sto
53%
Ciastek
52%
Co
52%
Dla
52%
Dwóch
52%
Jemy
52%
Lubię
52%
Osób
52%
Pogadamy
52%
Zamawiamy
52%
Nic
51%
Że
51%
Dokładkę
50%
Szesnastej
50%
Tysiąc
50%
Ale
49%
Chciał
49%
Dominuję
49%
Jakbym
49%
No
49%
Śniadanie
49%
Zjem
49%
Będę
48%
Dziewięćset
48%
Gdy
48%
Spokoju
48%
Te
48%
Widział
48%
Wszystkie
48%
Zasnę
48%
Bonnie
47%
Było
47%
Pięćset
47%
Piękna
47%
Wyglądasz
47%
Mów
46%
Obok
46%
Zawsze
46%
Brzydkie
45%
Cappy
45%
Genetycznej
45%
Humor
45%
Kratkę
45%
Od
45%
Pachniesz
45%
Troszeczkę
45%
BDSM
44%
Chuj
44%
Czasem
44%
Domu
44%
Kapelusz
44%
Krzyżówce
44%
Martw
44%
Mikrofonu
44%
Miłość
44%
Wyznałem
44%
Kucyki
43%
Pobliżu
43%
Więc
43%
Będziemy
42%
Biżuteria
42%
Dwa
42%
Kraść
42%
Mała
42%
Pytaj
42%
Słowa
42%
Sprawdzałem
42%
Warkoczyki
42%
Ej
41%
Fajek
41%
Mojej
41%
Naszej
41%
Nawzajem
41%
Nikomu
41%
Serca
41%
Sumie
41%
Tylko
41%
Chcesz
40%
Chowałaś
40%
Go
40%
Kasy
40%
Nawet
40%
Skoro
40%
Sobie
40%
Spiżu
40%
Zapalniczki
40%
Zaraz
40%
Będziesz
39%
Jedyne
39%
Ktoś
39%
Potrzebowała
39%
Znalazł
39%
Biżuterii
38%
Dobrze
38%
Jeśli
38%
Zdejmę
38%
Clyde
37%
Minnie
37%
Mouse
37%
Mówił
37%
Ślicznie
37%
Siana
36%
Stogu
35%
Igła
34%
Mickey
32%
Pankracy
32%
Twardsze
30%
Mmm
22%
Przyjamniej
0%
Nie znaleziono quizów pasujących do podanych kryteriów
Rozkład punktacji
Procent ludzi z każdym wynikiem
Percentyl według liczby udzielonych odpowiedzi
Twoja historia wyników
Nie rozwiązałeś tego quizu